BUILDING MATERIALS (Record no. 5263)

MARC details
000 -LEADER
fixed length control field 00403nam a22001697a 4500
005 - DATE AND TIME OF LATEST TRANSACTION
control field 20160922142322.0
008 - FIXED-LENGTH DATA ELEMENTS--GENERAL INFORMATION
fixed length control field 160922b xxu||||| |||| 00| 0 eng d
020 ## - INTERNATIONAL STANDARD BOOK NUMBER
ISBN 978-81-224-3379
041 ## - LANGUAGE CODE
Language code of text/sound track or separate title eng
100 ## - MAIN ENTRY--AUTHOR NAME
Personal name DUGGAL,S.K
245 ## - TITLE STATEMENT
Title BUILDING MATERIALS
250 ## - EDITION STATEMENT
Edition statement 4th
260 ## - PUBLICATION, DISTRIBUTION, ETC. (IMPRINT)
Name of publisher NEW AGE INTERNATIONAL PUBLISHERS
Year of publication 2015
300 ## - PHYSICAL DESCRIPTION
Number of Pages 594
650 ## - SUBJECT ADDED ENTRY--TOPICAL TERM
Topical Term ENGINEERING
942 ## - ADDED ENTRY ELEMENTS (KOHA)
Koha item type Books
Holdings
Lost status Damaged status Home library Current library Shelving location Date acquired Source of acquisition Cost, normal purchase price Full call number Accession Number Koha item type
    JRU Library   SHELF-42-G 22/09/2016 PURCHASE 350.00 691 21299 Books
    JRU Library   SHELF-42-G 22/09/2016 PURCHASE 350.00 691 21300 Books
    JRU Library   SHELF-42-G 22/09/2016 PURCHASE 350.00 691 21301 Books